000 00593nam a22001697a 4500
003 MACL
005 20160728132035.0
008 160728b xxu||||| |||| 00| 0 eng d
040 _cMACL
041 _aHindi
082 _a294
100 _aबनर्जी, देवेन्‍द्रनाथ
_965627
245 _aहिन्‍दू-धर्मकोष
_cदेवेन्‍द्रनाथ बनर्जी
260 _aकलकात्‍ता
_bप्रकाशक शशधर प्रकाशनी
650 _aधर्म
_965628
942 _2ddc
_cHIN
999 _c55223
_d55223